000 00448nam a2200181Ia 4500
008 220204s9999 xx 000 0 und d
082 _a579.22
_bROS.17
100 _aMORRIS, J Gareth
245 0 _aAdvances in microbial physiology. V 17
260 _aLondon
_bAcademic
_c1978
650 _aBacteria
650 _aFungi
650 _aHyphomicrobia
650 _aMicrobial Physiology
650 _aYeast
700 _aROSE, A H
942 _cBK
999 _c33412
_d33412